000 00957cam a2200229 i 4500
005 20251120090503.0
008 250721s2005 ua gr 000 0 ara d
082 1 4 _a210.79
_b ا ب ر
100 1 _aإبراهيم، قاسم عبدالله
_eمؤلف.
245 1 0 _aموسوعة المسابقات النسائية 2500 سؤال و جواب /
_cقاسم عبدالله ابراهيم، محمد سعيد مرسي، محمد عبدالله صالح.
250 _aالطبعة الاولى.
264 3 1 _aالقاهره :
_bمؤسسة إقرأ للنشر و التوزيع و الترجمة،
_c2005.
300 _a477 صفحة.
650 1 7 _aالإسلام
650 1 7 _aالمسابقات.
650 1 7 _aالمرأة المسلمة.
650 1 7 _aالفقه الإسلامي.
700 1 _aمرسي، محمد سعيد
_eمؤلف.
700 1 _aصالح، محمد عبد الله
_eمؤلف.
942 _2ddc
_cBK
999 _c95731
_d95731